000 00388nam a2200133Ia 4500
008 220217s9999||||xx |||||||||||||| ||und||
020 _a81-7808-767-7
082 _a005.3 FUT
100 _aFutrell, Robert, T Shafer, Donald, F
_92636
245 0 _aQuality software project management
260 _aPearson education asia
_bDelhi
_c2002
300 _b350
650 _aSOFTWARE DESIGN
999 _c169512
_d169512